Forever fuel (Record no. 7476)

000 -LEADER
fixed length control field 00551nam a2200205 i 4500
001 - CONTROL NUMBER
control field 7476
003 - CONTROL NUMBER IDENTIFIER
control field BD-DhUET
008 - FIXED-LENGTH DATA ELEMENTS--GENERAL INFORMATION
fixed length control field 800808s1981 coua b 001 0 eng
020 ## - INTERNATIONAL STANDARD BOOK NUMBER
International Standard Book Number 0891585818
040 ## - CATALOGING SOURCE
Original cataloging agency DLC
Transcribing agency DLC
Modifying agency BD-DhUET
082 00 - DEWEY DECIMAL CLASSIFICATION NUMBER
Classification number 665.81
Item number HOF/1981
100 ## - MAIN ENTRY--PERSONAL NAME
Personal name Hoffmann, Peter
245 14 - TITLE STATEMENT
Title Forever fuel
Remainder of title the story of hydrogen
Statement of responsibility, etc. by Peter Hoffmann
250 ## - EDITION STATEMENT
Edition statement Ist ed.
260 ## - PUBLICATION, DISTRIBUTION, ETC. (IMPRINT)
Place of publication, distribution, etc. Colorado
Name of publisher, distributor, etc. Westview Press
Date of publication, distribution, etc. 1981
300 ## - PHYSICAL DESCRIPTION
Extent xiv, 271 p.
Other physical details ill.
Dimensions 24 cm.
504 ## - BIBLIOGRAPHY, ETC. NOTE
Bibliography, etc Includes bibliographies
650 #0 - SUBJECT ADDED ENTRY--TOPICAL TERM
Topical term or geographic name as entry element Hydrogen as fuel
942 ## - ADDED ENTRY ELEMENTS (KOHA)
Koha item type General Book
Holdings
Shelving location Piece designation (barcode) Damaged status Koha item type Koha issues (times borrowed) Koha date last borrowed Koha normalized classification for sorting Koha full call number Sublocation or collection (holding branch) Price effective from Koha date last seen Date acquired Source of classification or shelving scheme Not for loan Location (home branch) Withdrawn status Lost status Copy number
Circulation section70070 General Book  665_000000000000000_81HOF1981665.81/HOF/1981Central Library, BUET2014-12-092014-12-092014-12-09  Central Library, BUET  1
Circulation section71965 General Book  665_000000000000000_81HOF1981665.81/HOF/1981Central Library, BUET2014-12-092014-12-092014-12-09  Central Library, BUET  2
Circulation section70055 General Book242021-09-04665_000000000000000_81HOF1981665.81/HOF/1981Central Library, BUET2014-12-092021-09-042014-12-09  Central Library, BUET  3
Circulation section70056 General Book12017-05-09665_000000000000000_81HOF1981665.81/HOF/1981Central Library, BUET2014-12-092017-05-092014-12-09  Central Library, BUET  4